Les 30 dernières arrivées de l'OM - Statistiques

Statistiques générales
  • Ce quiz a été pris 359 fois
  • Le résultat moyen est 24 sur 30
Statistiques - réponses
Club précédent Poste Nationalité Nom % Correct
Watford Attaquant Sénégal Ismaïla Sarr
95%
Sheffield Utd Attaquant Sénégal Illiman Ndiaye
92%
Chelsea Attaquant Gabon Pierre-Emerick Aubameyang
91%
Schalke 04 Attaquant Maroc Amine Harit
90%
Inter Attaquant Chili Alexis Sanchez
89%
Atletico Madrid Défenseur Brésil Renan Lodi
89%
Angers SCO Milieu Maroc Azzedine Ounahi
88%
AS Roma Milieu France Jordan Veretout
88%
Atletico Madrid Milieu République Centrafrique Geoffrey Kondogbia
87%
SC Braga Attaquant Portugal Vitinha
87%
Napoli Attaquant Pologne Arkadiusz Milik
86%
AS Roma Attaquant Turquie Cengiz Under
86%
FC Porto Défenseur RD Congo Chancel Mbemba
86%
Borussia Dortmund Défenseur Argentine Léo Balerdi
86%
Arsenal Milieu France Mattéo Guendouzi
85%
Inter Attaquant Argentine Joaquin Correa
84%
RC Lens Défenseur France Jonathan Clauss
82%
Manchester United Défenseur Cote d'Ivoire Eric Bailly
80%
Celta Vigo Gardien Espagne Ruben Blanco
80%
RSC Anderlecht Défenseur Panama Amir Murillo
79%
FC Granada Attaquant Colombie Luis Suarez
79%
Flamengo Milieu Brésil Gerson
78%
Arsenal Défenseur Portugal Nuno Tavares
74%
FC Lorient Défenseur France Bamo Meïté
71%
Le Havre AC Défenseur France Isaak Touré
71%
Fiorentina Défenseur Espagne Pol Lirola
64%
Manchester City Défenseur Burkina Faso Issa Kaboré
63%
Santos Défenseur Brésil Luan Peres
49%
Atalanta BC Attaquant Ukraine Ruslan Malinovskyi
39%
Galatasaray Milieu Turquie Bartug Elmaz
37%
Aucun quiz correspondant
Distribution des résultats
% des personnes avec chaque résultat
Percentile par nombre de réponses
Votre historique - résultats
Vous n’avez pas pris ce quiz